000 01045cam a2200133 4500500
005 20251214003819.0
041 _afre
042 _adc
100 1 0 _aBossy, Jean-François
_eauthor
245 0 0 _aEnseigner la Shoah à l'âge démocratique : Quels enjeux ?
260 _bArmand Colin,
_c2007.
520 _aL’enseignement de la Shoah est devenu, en France et en Europe, un enjeu particulièrement sensible. Sa transmission à l’École reste à la fois un moment très fortement investi par les enseignants et les publics scolaires, et une sorte d’épreuve du feu de la relation pédagogique. Le présent ouvrage se donne comme une tentative de clarification et de distinction de ces différents enjeux entremêlés dans des pratiques scolaires spécifiques et difficiles, de manière à mettre en valeur l’intérêt désormais reconnu de la transmission, à l’école, de la mémoire du génocide.
856 4 1 _uhttps://shs.cairn.info/enseigner-la-shoah-a-lage-democratique--9782200351243?lang=fr&redirect-ssocas=7080
999 _c1567997
_d1567997